Loading...
Beauty parlour, Naykkal nayakar /
| Hovedforfatter: | |
|---|---|
| Andre forfattere: | |
| Format: | Printed Book |
| Sprog: | English |
| Udgivet: |
Kottayam:
D.C.Books,
2011.
|
| Fag: |
| LEADER | 00591 a2200181 4500 | ||
|---|---|---|---|
| 008 | 150103s9999 000 0 eng | ||
| 020 | |a 9788126429738 | ||
| 082 | |a 863 | ||
| 100 | |a Bellatin, Mario. | ||
| 245 | |a Beauty parlour, Naykkal nayakar / | ||
| 260 | |a Kottayam: |b D.C.Books, |c 2011. | ||
| 300 | |a 108 p. | ||
| 500 | |a Malayalam translation. | ||
| 650 | |a Spanish Fiction | ||
| 700 | |a Ratheesh. | ||
| 942 | |c BK | ||
| 999 | |c 307732 |d 307732 | ||
| 952 | |0 0 |1 0 |2 ddc |4 0 |6 M_863_000000000000000_BEL_BE |7 0 |9 353165 |a DRA |b DRA |c ST1 |d 2015-11-16 |i 8852 |l 0 |o M 863 BEL/BE |p DRA8852 |r 2019-01-03 |v 65.00 |w 2019-01-03 |y BK | ||